000 00671nam a22002057a 4500
010 _aB-216352
020 _a9788131300527
_c1295(Set)
035 _aB-216352
037 _bCen Lib / Ret
040 _aDPL
_bEN
082 _a370.71
_bBAN
100 _aBansal, Harish
245 _aEncyclopedia of teacher education :
_bmodern methods of teacher training /
_cby Harish Bansal
260 _aNew Delhi
_bAPH Publishing Corporation
_c2007
270 _aAnsari Road, Darya Ganj
_bNew Delhi
_e110002
300 _a2. v (v1. 283 ; v 2. 285)
650 _aTeachers -- Training of.
650 _aEducational innovations.
942 _2ddc
_cEN
_h370.71
_mBAN
999 _c136382
_d136382